Destinačný marketingový manažment v medzinárodnom cestovnom ruchu dizertačná práca

Salvato in:
Dettagli Bibliografici
Autore principale: Buha, Anita
Ente Autore: Ekonomická univerzita v Bratislave. Obchodná fakulta
Altri autori: Novacká, Ľudmila, 1953-
Natura: Libro
Lingua:slovacco
Pubblicazione: Bratislava 2004
Soggetti:
Tags: Aggiungi Tag
Nessun Tag, puoi essere il primo ad aggiungerne!!

MARC

LEADER 00000nam$a2200000$$$4500
001 0100020
005 20240104094852.2
041 0 |a slo 
044 |a SK 
245 1 0 |a Destinačný marketingový manažment v medzinárodnom cestovnom ruchu  |b dizertačná práca  |c Anita Buha ; škol. Ľudmila Novacká 
264 1 |a Bratislava  |c 2004 
300 |a 157 s. 
610 2 0 |a marketing 
610 2 0 |a ruch cestovný 
610 2 0 |a manažment 
100 1 |a Buha, Anita 
700 1 |a Novacká, Ľudmila, 1953- 
710 2 |a Ekonomická univerzita v Bratislave. Obchodná fakulta